Mathematical tools in production management
Αποθηκεύτηκε σε:
| Κύριος συγγραφέας: | |
|---|---|
| Άλλοι συγγραφείς: | |
| Μορφή: | Βιβλίο |
| Γλώσσα: | English |
| Δημοσίευση: |
New York :
Plenum Press,
c1990
|
| Σειρά: | Competitive methods in operations research and data analysis
|
| Θέματα: | |
| Ετικέτες: |
Προσθήκη ετικέτας
Δεν υπάρχουν, Καταχωρήστε ετικέτα πρώτοι!
|
MARC
| LEADER | 00000nam a2200000 i 4500 | ||
|---|---|---|---|
| 001 | 1/19115 | ||
| 008 | 960122s1990 eng d | ||
| 020 | |a 0306433583 | ||
| 020 | |a 0-306-43358-3 | ||
| 035 | |a ΠΑΡ-1997 |b 04/04 |c ΠΑΠΑΔΟΠΟΥΛΟΣ |l 10021157 | ||
| 035 | |a 1995 |c ΦΛΕΣΣΑΣ | ||
| 040 | |a GR-MY-UA |b gre |e aacr | ||
| 041 | 0 | |a eng | |
| 082 | 0 | |a 658.50151 | |
| 100 | 1 | |a Proth, Jean-Marie |d 1938- | |
| 245 | 1 | 0 | |a Mathematical tools in production management / |c J.M. Proth ; H.P. Hillion |
| 260 | |a New York : |b Plenum Press, |c c1990 | ||
| 300 | |a 391 p.; |c 23 cm.+ | ||
| 490 | 1 | |a Competitive methods in operations research and data analysis | |
| 500 | |a Includes bibliographical references and index | ||
| 650 | 0 | 0 | |a Production management |x Mathematics. |
| 700 | 1 | |a Hillion, H. P. (Herve P.) | |
| 830 | 0 | |a Competitive methods in operations research and data analysis | |
| 852 | |a INST |b CHIOS |e 19991027 |h 658.50151 PRO |p 005200019596 |q 005200019596 |t BK |y 0 | ||
| 852 | |a INST |b SAMOS |e 19960122 |h 658.50151 PRO |p 005300004698 |q 005300004698 |t BK |y 0 | ||
| 909 | |a Σ |b 041260 | ||
| 909 | |a Σ |b 068403 | ||
| 922 | |a 2ΕΛΗ |b 199909 |c ΠΑΠΑΔΟΠΟΥΛΟΣ |d ΚΩΣΤΑΡΑΚΗΣ | ||